ドラゴンクエストIX(DQ9) スキル一覧 - Statistics

General Stats
  • This quiz has been taken 39 times
  • The average score is 18 of 26
Answer Stats
hint スキル名 % Correct
武器
100%
武器 ヤリ
96%
武器
93%
武器 オノ
93%
武器
89%
武器 ブーメラン
89%
89%
武器 短剣
85%
武器 ムチ
85%
武器
85%
素手
85%
武器 ツメ
81%
武器 ハンマー
74%
武器
74%
戦士 ゆうかん
70%
魔法使い まほう
63%
バトルマスター とうこん
59%
パラディン はくあい
59%
魔法戦士 フォース
59%
武闘家 きあい
52%
僧侶 しんこう心
52%
レンジャー サバイバル
44%
旅芸人 きょくげい
41%
賢者 さとり
37%
盗賊 おたから
30%
スーパースター オーラ
22%
No matching quizzes found
Score Distribution
Percent of People with Each Score
Percentile by Number Answered
Your Score History
You have not taken this quiz